| 000 | 01156cad a22002415a 4500 | ||
|---|---|---|---|
| 001 | L149862 | ||
| 008 | 100507s2010 xxk f 000 0 eng d | ||
| 020 | _a9781409824558 | ||
| 035 | _a(Sirsi) u149862 | ||
| 041 | 0 | _aeng | |
| 050 | 0 | 4 | _a306.1 $2 18 |
| 110 | 2 |
_aUnited Kingdom _bDepartment for Communities and Local Government _94939 |
|
| 245 | 0 | 0 |
_aHousing and planning key facts England _h[electronic resource] |
| 260 | _c2010 | ||
| 490 | 0 | _aHousing and Planning Key Facts England | |
| 520 | _aSummarises statistical data on housing stock, house building starts and completions, household estimates and projections, housing market and house prices, residential rents, lettings and tenancies and statutory homelessness. Links to Department for Communities and Local Government live tables available on www.communities.gov.uk | ||
| 590 | _aKA NTK | ||
| 651 | 4 |
_aEngland _y886- |
|
| 690 |
_aResidential property _96266 |
||
| 690 | _aENVIRONMENT AND LAND CONSULTANCY-PLANNING AND DEVELOPMENT | ||
| 856 | 4 | 8 |
_uhttps://www.communities.gov.uk/documents/statistics/pdf/1553724.pdf _z View this item free of charge at www.communities.gov.uk |
| 942 | _n0 | ||
| 999 |
_c110652 _d110652 |
||